000 00438nab a2200145Ia 4500
003 ES-SlBCS
005 20210601131723.0
008 140529s1947 xxu||||| |||| 00| 0 fre d
041 _afre
100 1 _aVillette, Jeanne
_9188265
245 0 0 _aLes fouilles récentes de Saint-Pierre de Rome
_c Jeanne Villette
650 0 4 _aSan Pedro de Roma
_9188266
773 0 _tVie Intelectuelle (La)
_gnº. 1, 1947, págs. 42-51
_wRev907
942 _cAR
999 _c567604
_d567604